000 01096cam a2200325 a 4500
001 2336653
003 OSt
005 20230619102636.0
008 820223s1981 ru abf 000 0 eng
010 _a 82121191
040 _aDLC
_cDLC
_dDLC
043 _ae-ur---
_an-us---
050 0 0 _aPN5277.R5
_bB66 1981
082 0 0 _a070.43
_219
_bBON
100 1 _aBonosky, Phillip.
245 1 0 _aAre our Moscow reporters giving us the facts about the USSR? /
_cPhillip Bonosky.
260 _aMoscow :
_bProgress Publishers,
_cc1981.
300 _a261 p., [52] p. of plates :
_bill., maps ;
_c21 cm.
490 1 _aImpressions of the U.S.S.R.
500 _aMaps on lining papers.
650 0 _aReporters and reporting
_zSoviet Union.
650 0 _aForeign news
_zUnited States.
650 0 _aForeign correspondents
_zSoviet Union.
650 0 _aPublic opinion
_zUnited States.
651 0 _aSoviet Union
_xForeign public opinion, American.
830 0 _aImpressions of the USSR.
906 _a7
_bcbc
_corignew
_d3
_encip
_f19
_gy-gencatlg
942 _2ddc
_cBK
999 _c1199
_d1199